000 00810cam a2200289 i 4500
001 768714001
003 CO-MdFUSB
005 20241203140414.0
007 ta
008 241203t1988 -us||||| |||| 00| 0 spa d
020 _a0-8297-1328-x
040 _cCO-MdFUSB
041 0 _aspa
082 0 4 _223
_a235.4
_bS1329g
100 1 _aSaint, Felipe
_eautor
245 1 0 _aGuerra contra el infierno :
_bel poder de Dios manifestado en las campañas del industrial Carlos Anacondia
_c / Felipe Saint
264 1 _aMiami, FL., USA :
_bVida,
_c[1988]
264 4 _c©1988
300 _a187 páginas
336 _atexto
_btxt
_2rdacontent
337 _2rdamedia
_asin mediación
_bn
338 _2rdacarrier
_avolumen
_bnc
563 _aRustico
653 _aGuerra espiritual
942 _cBK
945 _aMiguel
999 _c35055
_d35055